| 000 | 00321nam a22001217a 4500 | ||
|---|---|---|---|
| 082 |
_a363.731 _bROA _cD |
||
| 245 | _aRoads and the Environment: | ||
| 260 |
_aWashington _bThe world Bank |
||
| 300 |
_a201 p. : _bill . : _c28 cm. |
||
| 526 |
_a0 _b0 _c0 _d363_731000000000000_ROA |
||
| 650 |
_aMCE (D) _938183 |
||
| 942 |
_2ddc _cBK |
||
| 999 |
_c542823 _d542823 |
||